000 00328nam a2200121Ia 4500
008 220204s9999 xx 000 0 und d
020 _a8189422561
082 _a595.7(038)
_bNAT
100 _aNath, Paras
245 0 _aIllustrated dictionary of entomology
260 _aNew Delhi
_bNew India Publishing Agency
_c2007
942 _cBK
999 _c42917
_d42917